ग्रुप डिस्कशन में सफलता कैसे पाएँ / (Record no. 80130)

MARC details
000 -LEADER
fixed length control field 01166nam a22002177a 4500
005 - DATE AND TIME OF LATEST TRANSACTION
control field 20181129164124.0
010 ## - LCCN (DPL NO)
LC control number HIN-100736 B-703749-758
020 ## - INTERNATIONAL STANDARD BOOK NUMBER
Terms of availability 350.00
International Standard Book Number 9788189198329
035 ## - SYSTEM CONTROL NUMBER
System control number HN-73082
035 ## - SYSTEM CONTROL NUMBER
System control number B-703749-758
037 ## - SOURCE OF ACQUISITION
Source of stock number/acquisition DBAD / PUB
082 ## - DEWEY DECIMAL CLASSIFICATION NUMBER
Classification number 302.34
100 ## - MAIN ENTRY--PERSONAL NAME
Personal name सागर, अरूण 'आनन्द '
245 ## - TITLE STATEMENT
Title ग्रुप डिस्कशन में सफलता कैसे पाएँ /
Statement of responsibility, etc अरूण सागर 'आनन्द '
246 ## - VARYING FORM OF TITLE
Title proper/short title Group Discussion mein safalta kasie paye
Remainder of title by Arun Sagar 'Anand'
260 ## - PUBLICATION, DISTRIBUTION, ETC. (IMPRINT)
Place of publication, distribution, etc नई दिल्ली
Name of publisher, distributor, etc हरबंस लाल एण्ड संस
Date of publication, distribution, etc 2013
-- 2017
270 ## - ADDRESS
Address डी-38, निहाल विहार
City नई दिल्ली
Postal code 110041
300 ## - PHYSICAL DESCRIPTION
Extent 160पृ.
Dimensions 22सेमी (सजिल्द)
942 ## - ADDED ENTRY ELEMENTS (KOHA)
Source of classification or shelving scheme Dewey Decimal Classification
Item type Hindi Books
Call number suffix सागर
Classification part 302.34
Holdings
Withdrawn status Lost status Not for loan Collection code Home library Current library Date acquired Source of acquisition Cost, normal purchase price Full call number Barcode Copy number Cost, replacement price Koha item type
      Non-fiction Ashok Vihar Ashok Vihar 23/10/2018 हरबंस लाल एंड संस BL-H-165/15.05.18/424/04.05.18/23.08.18 350.00 302.34 सागर B-703755 1 350.00 Hindi Books
      Non-fiction Central Library Central Library 23/10/2018 हरबंस लाल एंड संस BL-H-165/15.05.18/424/04.05.18/23.08.18 350.00 302.34 सागर B-703749 1 350.00 Hindi Books
    Not For Loan Non-fiction D.B.Act.Division D.B.Act.Division 18/10/2013 DBAD / PUB 350.00 302.34 सागर HN-73082 1 350.00 Hindi Books
      Non-fiction Janak Puri Janak Puri 23/10/2018 हरबंस लाल एंड संस BL-H-165/15.05.18/424/04.05.18/23.08.18 350.00 302.34 सागर B-703757 1 350.00 Hindi Books
      Non-fiction Mobile Library Mobile Library 23/10/2018 हरबंस लाल एंड संस BL-H-165/15.05.18/424/04.05.18/23.08.18 350.00 302.34 सागर B-703750 4 350.00 Hindi Books
      Non-fiction Mobile Library Mobile Library 23/10/2018 हरबंस लाल एंड संस BL-H-165/15.05.18/424/04.05.18/23.08.18 350.00 302.34 सागर B-703751 4 350.00 Hindi Books
      Non-fiction Mobile Library Mobile Library 23/10/2018 हरबंस लाल एंड संस BL-H-165/15.05.18/424/04.05.18/23.08.18 350.00 302.34 सागर B-703752 4 350.00 Hindi Books
      Non-fiction Mobile Library Mobile Library 23/10/2018 हरबंस लाल एंड संस BL-H-165/15.05.18/424/04.05.18/23.08.18 350.00 302.34 सागर B-703753 4 350.00 Hindi Books
      Non-fiction New Police Line New Police Line 23/10/2018 हरबंस लाल एंड संस BL-H-165/15.05.18/424/04.05.18/23.08.18 350.00 302.34 सागर B-703754 1 350.00 Hindi Books
      Non-fiction Patel Nagar Patel Nagar 23/10/2018 हरबंस लाल एंड संस BL-H-165/15.05.18/424/04.05.18/23.08.18 350.00 302.34 सागर B-703756 1 350.00 Hindi Books
      Non-fiction Sarojini Nagar Sarojini Nagar 23/10/2018 हरबंस लाल एंड संस BL-H-165/15.05.18/424/04.05.18/23.08.18 350.00 302.34 सागर B-703758 1 350.00 Hindi Books

© Delhi Public Library
Hit Counter
free hit counter